000 00285nam a22001337a 4500
008 170406b xxu||||| |||| 00| 0 eng d
020 _a9781429202114
041 _aeng
080 _26 ED
_a575
100 _a9
101 _aSHM
245 _aIMUNOLOGY
_cKINDT.TH.J
942 _2udc
_cBK
999 _c10002
_d10002